000 00336nam a2200145 i 4500
001 bg
100 1 _aARMSTRONG, W. H.
245 0 _aMechanical inspection /
_cW.H. Armstrong.
260 _aNew York,
_c1953.
040 _cBPK
041 _apol
080 _a620.1:681.1/.2
942 _cKS
008 s pl f |000 0 pol
999 _c16296
_d16296
856 _uhttp://koha.tu.koszalin.pl/cgi-bin/koha/opac-detail.pl?biblionumber=16296
_yKatalog online BPK